Normal view
MARC view
- Supervisor:Prof. Dr. Mohammad Shahid
Entry Personal Name
001 - CONTROL NUMBER
- control field: 123476
003 - CONTROL NUMBER IDENTIFIER
- control field: NUST
005 - DATE AND TIME OF LATEST TRANSACTION
- control field: 20240611124551.0
008 - FIXED-LENGTH DATA ELEMENTS
- fixed length control field: 240611|| aca||aabn | a|a d
040 ## - CATALOGING SOURCE
- Original cataloging agency: NUST
- Transcribing agency: NUST
100 ## - HEADING--PERSONAL NAME
- Personal name: Supervisor:Prof. Dr. Mohammad Shahid
670 ## - SOURCE DATA FOUND
- Source citation: Work cat.: (NUST): Mansoor, Muhammad 19523, Fabrication of Al-CNTs MMC by induction melting with improved dispersion and wetting of CNTs in Al matrix using a multifunctional flux/
